हिन्दी नाटक : वर्तमान संदर्भ (Record no. 7542)

MARC details
000 -LEADER
fixed length control field 00710 a2200205 4500
001 - CONTROL NUMBER
control field 133640
003 - CONTROL NUMBER IDENTIFIER
control field OSt
005 - DATE AND TIME OF LATEST TRANSACTION
control field 20220120154323.0
008 - FIXED-LENGTH DATA ELEMENTS--GENERAL INFORMATION
fixed length control field
020 ## - INTERNATIONAL STANDARD BOOK NUMBER
International Standard Book Number 9788174533364
041 ## - LANGUAGE CODE
Language code of text/sound track or separate title Hindi
082 ## - DEWEY DECIMAL CLASSIFICATION NUMBER
Classification number 891.43209
Item number S23H
100 1# - MAIN ENTRY--PERSONAL NAME
Personal name शर्मा, परमेश्वरी
245 1# - TITLE STATEMENT
Title हिन्दी नाटक : वर्तमान संदर्भ
Statement of responsibility, etc by परमेश्वरी शर्मा
260 ## - PUBLICATION, DISTRIBUTION, ETC. (IMPRINT)
Place of publication, distribution, etc नई दिल्ली
Name of publisher, distributor, etc रोशन ऑफसेट प्रिंटर्स
Date of publication, distribution, etc 2009
300 ## - PHYSICAL DESCRIPTION
Extent 92.P
630 ## - SUBJECT ADDED ENTRY--UNIFORM TITLE
Uniform title हिन्दी साहित्य
690 ## - LOCAL SUBJECT ADDED ENTRY--TOPICAL TERM (OCLC, RLIN)
Topical term or geographic name as entry element हिन्दी नाटक
942 ## - ADDED ENTRY ELEMENTS (KOHA)
Source of classification or shelving scheme Dewey Decimal Classification
Koha item type Books
Holdings
Withdrawn status Lost status Source of classification or shelving scheme Damaged status Not for loan Collection code Home library Current library Date acquired Source of acquisition Full call number Barcode Date last seen Price effective from Koha item type
    Dewey Decimal Classification     General Text Book Central University Of Rajasthan Central University Of Rajasthan 09/09/2016 HND 891.43209 S23H 10126 21/11/2024 02/09/2020 Books